[Event "FICGS W-ch st1 g03 email"]
[Site "FICGS email"]
[Date "2012.12.01"]
[Round "1"]
[White "Hancock, Sarah"]
[Black "Malween, Denis"]
[Result "0-1"]
[WhiteElo "1614"]
[BlackElo "1334"]
[PlyCount "42"]
[EventDate "2012.??.??"]
[EventType "tourn (corr)"]
[EventRounds "8"]
[SourceTitle "Corr 2022"]
[Source "ChessBase"]
[SourceDate "2021.10.24"]
[SourceVersion "1"]
[SourceVersionDate "2021.10.24"]
[SourceQuality "1"]

1. d4 Nf6 2. Nf3 g6 3. Nc3 Bg7 4. e4 d6 5. Bd3 0-0 6. h3 Nbd7 7. 0-0 e5 8. dxe5 dxe5 9. Bc4 c6 10. a4 a5 11. Qd6 Ne8 12. Qd3 Nc7 13. Rd1 Qe7 14. Be3 Nc5 15. Qd6 Qxd6 16. Rxd6 N5e6 17. Bb6 Na6 18. Bxe6 Bxe6 19. Bxa5 Nc5 20. Bb6 Nd7 21. Be3 Rad8 0-1

[Event "FICGS W-ch st1 g03 email"]
[Site "FICGS email"]
[Date "2012.11.01"]
[Round "1"]
[White "Kopasov, Evgeny Aleksandrovi"]
[Black "Malween, Denis"]
[Result "1-0"]
[WhiteElo "2133"]
[BlackElo "1334"]
[PlyCount "61"]
[EventDate "2012.??.??"]
[EventType "tourn (corr)"]
[EventRounds "8"]
[SourceTitle "Corr 2022"]
[Source "ChessBase"]
[SourceDate "2021.10.24"]
[SourceVersion "1"]
[SourceVersionDate "2021.10.24"]
[SourceQuality "1"]

1. d4 Nf6 2. c4 e6 3. Nf3 Bb4+ 4. Bd2 Bxd2+ 5. Qxd2 d5 6. Nc3 0-0 7. e3 Nbd7 8. Rc1 c6 9. Bd3 b6 10. cxd5 exd5 11. 0-0 Bb7 12. Qc2 Qc7 13. Rfd1 Rac8 14. Qa4 a5 15. Bf5 Qb8 16. Nxd5 Nxd5 17. Bxd7 Rc7 18. Ne5 Ne7 19. Nxc6 Nxc6 20. Bxc6 Bxc6 21. Rxc6 Rxc6 22. Qxc6 Rc8 23. Qa4 Qb7 24. d5 Qc7 25. d6 Qd8 26. d7 Rc7 27. g3 g6 28. Rd6 Kf8 29. Qd4 h5 30. Qh8+ Ke7 31. Qf6+ 1-0

[Event "FICGS rapid D 000071 email"]
[Site "FICGS email"]
[Date "2012.10.02"]
[Round "1"]
[White "Brulland, Emmanuel"]
[Black "Malween, Denis"]
[Result "0-1"]
[WhiteElo "1411"]
[BlackElo "1319"]
[PlyCount "76"]
[EventDate "2012.??.??"]
[EventType "tourn (rapid)"]
[EventRounds "5"]
[SourceTitle "Corr 2022"]
[Source "ChessBase"]
[SourceDate "2021.10.24"]
[SourceVersion "1"]
[SourceVersionDate "2021.10.24"]
[SourceQuality "1"]

1. b3 d5 2. e3 e5 3. Bb2 Bd6 4. Ne2 f5 5. d3 c5 6. Nd2 Nf6 7. g3 0-0 8. Bg2 Nc6 9. 0-0 g5 10. Nc3 Be6 11. Nb5 Bb8 12. Nf3 h6 13. Nd2 a6 14. Nc3 Qd7 15. Na4 Bd6 16. a3 Qc7 17. Nc3 b5 18. Ne2 h5 19. Re1 Kh8 20. Nf3 Rg8 21. Rb1 a5 22. Nc3 Rab8 23. Ne2 Rbf8 24. Nc3 Qb7 25. Ne2 Qh7 26. Nc3 b4 27. Nb5 Bb8 28. a4 h4 29. d4 e4 30. Nd2 hxg3 31. hxg3 f4 32. dxc5 Ne5 33. Nd4 Bg4 34. f3 exf3 35. N4xf3 fxg3 36. Bxe5 Bxe5 37. Qc1 Ne4 38. Nxe5 Qh2# 0-1

[Event "FICGS rapid D 000071 email"]
[Site "FICGS email"]
[Date "2012.10.02"]
[Round "1"]
[White "Malween, Denis"]
[Black "Strohmeier, Josef"]
[Result "1-0"]
[WhiteElo "1319"]
[BlackElo "1429"]
[PlyCount "89"]
[EventDate "2012.??.??"]
[EventType "tourn (rapid)"]
[EventRounds "5"]
[SourceTitle "Corr 2022"]
[Source "ChessBase"]
[SourceDate "2021.10.24"]
[SourceVersion "1"]
[SourceVersionDate "2021.10.24"]
[SourceQuality "1"]

1. d4 Nf6 2. c4 e6 3. Nf3 b6 4. Nc3 Bb7 5. Bg5 Be7 6. e3 0-0 7. Bd3 h6 8. Bh4 d5 9. 0-0 dxc4 10. Bxc4 c5 11. Qe2 cxd4 12. Nxd4 Nc6 13. Rfd1 Qc7 14. Bb5 a6 15. Bxc6 Bxc6 16. Nxc6 Qxc6 17. Rac1 Qb7 18. Rd3 Rfd8 19. Rcd1 Rxd3 20. Rxd3 Rd8 21. a4 b5 22. Rxd8+ Bxd8 23. axb5 axb5 24. Qxb5 Qc7 25. Bg3 Qa7 26. h3 Bc7 27. Bxc7 Qxc7 28. b4 Qd6 29. Qc5 Qxc5 30. bxc5 Kf8 31. Kf1 Ke7 32. Ke2 Kd7 33. Kd3 Kc6 34. Kc4 Nd7 35. Na4 Ne5+ 36. Kd4 Ng6 37. e4 Kb5 38. Nc3+ Kc6 39. g3 Nf8 40. e5 Nd7 41. Ne4 f6 42. exf6 gxf6 43. g4 Kb5 44. f4 Kb4 45. c6 1-0

[Event "FICGS class E 000156 email"]
[Site "FICGS email"]
[Date "2012.09.23"]
[Round "1"]
[White "Malween, Denis"]
[Black "Gramajo, Francisco"]
[Result "1-0"]
[WhiteElo "1319"]
[BlackElo "1363"]
[PlyCount "21"]
[EventDate "2012.??.??"]
[EventType "tourn (corr)"]
[EventRounds "5"]
[SourceTitle "Corr 2022"]
[Source "ChessBase"]
[SourceDate "2021.10.24"]
[SourceVersion "1"]
[SourceVersionDate "2021.10.24"]
[SourceQuality "1"]

1. e4 e5 2. Nf3 Nc6 3. Bb5 a6 4. Ba4 b5 5. Bb3 a5 6. Bd5 h6 7. Nxe5 Nxe5 8. Bxa8 c6 9. d4 Ng6 10. d5 Ne5 11. f4 1-0

[Event "FICGS class E 000156 email"]
[Site "FICGS email"]
[Date "2012.09.23"]
[Round "1"]
[White "Neil, Charles"]
[Black "Malween, Denis"]
[Result "0-1"]
[WhiteElo "1181"]
[BlackElo "1319"]
[PlyCount "40"]
[EventDate "2012.??.??"]
[EventType "tourn (corr)"]
[EventRounds "5"]
[SourceTitle "Corr 2022"]
[Source "ChessBase"]
[SourceDate "2021.10.24"]
[SourceVersion "1"]
[SourceVersionDate "2021.10.24"]
[SourceQuality "1"]

1. d4 Nf6 2. c4 e6 3. Nc3 Bb4 4. e3 0-0 5. Bd3 d5 6. Nge2 c5 7. 0-0 Nc6 8. a3 Bxc3 9. bxc3 b6 10. Ng3 Bb7 11. cxd5 exd5 12. Re1 Rc8 13. e4 cxd4 14. cxd4 dxe4 15. Nxe4 Qxd4 16. Nxf6+ Qxf6 17. Be3 Rfd8 18. Qc2 Ne5 19. Bxh7+ Kh8 20. Be4 Rxc2 0-1

[Event "FICGS class E 000154 email"]
[Site "FICGS email"]
[Date "2012.08.15"]
[Round "1"]
[White "Goti, Javier"]
[Black "Malween, Denis"]
[Result "0-1"]
[WhiteElo "1200"]
[BlackElo "1319"]
[PlyCount "78"]
[EventDate "2012.??.??"]
[EventType "tourn (corr)"]
[EventRounds "5"]
[SourceTitle "Corr 2022"]
[Source "ChessBase"]
[SourceDate "2021.10.24"]
[SourceVersion "1"]
[SourceVersionDate "2021.10.24"]
[SourceQuality "1"]

1. c4 Nf6 2. Nf3 e6 3. g3 b6 4. Bg2 Bb7 5. 0-0 c5 6. Nc3 d5 7. Ne5 Nbd7 8. Nxd7 Qxd7 9. cxd5 exd5 10. d4 Be7 11. e3 0-0 12. f3 Ne8 13. b3 f5 14. e4 dxe4 15. d5 Bf6 16. Bb2 Bxd5 17. fxe4 Bd4+ 18. Kh1 Bxc3 19. Bxc3 fxe4 20. Rxf8+ Kxf8 21. Qf1+ Qf7 22. Qe2 Qe6 23. Rf1+ Kg8 24. Qe3 Nd6 25. Qd2 Rf8 26. Rxf8+ Kxf8 27. Qf4+ Kg8 28. Qg5 Qf7 29. Be5 Ne8 30. Qe3 Qe7 31. Bc3 Nf6 32. Bf1 Ng4 33. Qf4 e3+ 34. Kg1 h5 35. Qb8+ Kh7 36. Bd3+ Be4 37. Bc4 Nf2 38. Qg8+ Kg6 39. Be1 Nh3+ 0-1

[Event "FICGS class E 000154 email"]
[Site "FICGS email"]
[Date "2012.08.15"]
[Round "1"]
[White "Salinas, Marcelo"]
[Black "Malween, Denis"]
[Result "0-1"]
[WhiteElo "1219"]
[BlackElo "1319"]
[PlyCount "46"]
[EventDate "2012.??.??"]
[EventType "tourn (corr)"]
[EventRounds "5"]
[SourceTitle "Corr 2022"]
[Source "ChessBase"]
[SourceDate "2021.10.24"]
[SourceVersion "1"]
[SourceVersionDate "2021.10.24"]
[SourceQuality "1"]

1. e4 e5 2. Bc4 Nf6 3. Nh3 Nxe4 4. Qh5 Qf6 5. d3 Nd6 6. Bg5 Qg6 7. Qf3 Nxc4 8. dxc4 d5 9. Qxd5 f6 10. Bd2 c6 11. Qd3 Bf5 12. Qb3 b6 13. Na3 Nd7 14. 0-0 Nc5 15. Qf3 Ne4 16. Rad1 Rd8 17. Qe3 Bc5 18. Qe2 Bxh3 19. g3 Nxg3 20. Qf3 Nxf1+ 21. Qg3 Nxg3 22. Be3 Ne2+ 23. Kh1 Bg2# 0-1

[Event "FICGS rapid D 000070 email"]
[Site "FICGS email"]
[Date "2012.07.30"]
[Round "1"]
[White "Malween, Denis"]
[Black "Giandomenico, Alfonso"]
[Result "0-1"]
[WhiteElo "1319"]
[BlackElo "1479"]
[PlyCount "58"]
[EventDate "2012.??.??"]
[EventType "tourn (rapid)"]
[EventRounds "5"]
[SourceTitle "Corr 2022"]
[Source "ChessBase"]
[SourceDate "2021.10.24"]
[SourceVersion "1"]
[SourceVersionDate "2021.10.24"]
[SourceQuality "1"]

1. d4 Nf6 2. c4 e6 3. Nf3 c5 4. Nc3 cxd4 5. Nxd4 d6 6. e4 a6 7. Be3 Be7 8. Be2 Qc7 9. g4 h6 10. h4 Nc6 11. Rg1 Ne5 12. f4 Nxc4 13. Qa4+ b5 14. Ncxb5 axb5 15. Qxa8 Nxe3 16. Kf2 0-0 17. Kxe3 Bb7 18. Qa3 Nxe4 19. Rgc1 Qb6 20. Qb4 e5 21. Bxb5 exd4+ 22. Kd3 Nc5+ 23. Kd2 Bf3 24. a4 d5 25. Ke1 Nd3+ 26. Bxd3 Bxb4+ 27. Kf2 Bxg4 28. Rc2 Qe6 29. Be2 Qe3+ 0-1

[Event "FICGS class E 000153 email"]
[Site "FICGS email"]
[Date "2012.07.30"]
[Round "1"]
[White "Piantadosi, Angelo"]
[Black "Malween, Denis"]
[Result "0-1"]
[WhiteElo "1352"]
[BlackElo "1319"]
[PlyCount "46"]
[EventDate "2012.??.??"]
[EventType "tourn (corr)"]
[EventRounds "5"]
[SourceTitle "Corr 2022"]
[Source "ChessBase"]
[SourceDate "2021.10.24"]
[SourceVersion "1"]
[SourceVersionDate "2021.10.24"]
[SourceQuality "1"]

1. d4 Nf6 2. c4 e6 3. Nc3 Bb4 4. Qc2 Bxc3+ 5. Qxc3 0-0 6. Nf3 d5 7. e3 Nbd7 8. Bd3 b6 9. 0-0 Bb7 10. b3 c5 11. dxc5 Nxc5 12. Bb2 Nxd3 13. Rfd1 Nxb2 14. Qxb2 Qe7 15. Rac1 Rac8 16. cxd5 Bxd5 17. Nd4 Qb7 18. f3 Rxc1 19. Rxc1 Rc8 20. Rxc8+ Qxc8 21. Nb5 a6 22. Nd4 Qc5 23. Kf2 Nd7 0-1

[Event "FICGS no engines 01 email"]
[Site "FICGS email"]
[Date "2011.11.04"]
[Round "1"]
[White "Chang, Henk"]
[Black "Malween, Denis"]
[Result "1-0"]
[WhiteElo "1457"]
[BlackElo "1200"]
[PlyCount "31"]
[EventDate "2011.??.??"]
[EventType "swiss (corr)"]
[EventRounds "1"]
[SourceTitle "Corr 2013"]
[Source "ChessBase"]
[SourceDate "2012.11.12"]
[SourceVersion "1"]
[SourceVersionDate "2012.11.12"]
[SourceQuality "1"]

1. e4 e5 2. f4 exf4 3. Nf3 g5 4. h4 g4 5. Ne5 h5 6. d4 Qe7 7. Bc4 d6 8. Nxf7 Qxe4+ 9. Kf2 g3+ 10. Kf1 Bg4 11. Qd2 Rh7 12. Ng5 Qc6 13. Bxg8 Re7 14. Nc3 Bh6 15. Bb3 Bxg5 16. Ba4 1-0

[Event "FICGS no engines 01 email"]
[Site "FICGS email"]
[Date "2011.11.04"]
[Round "1"]
[White "Trigance, Emile"]
[Black "Malween, Denis"]
[Result "0-1"]
[WhiteElo "1600"]
[BlackElo "1200"]
[PlyCount "56"]
[EventDate "2011.??.??"]
[EventType "swiss (corr)"]
[EventRounds "1"]
[SourceTitle "Corr 2013"]
[Source "ChessBase"]
[SourceDate "2012.11.12"]
[SourceVersion "1"]
[SourceVersionDate "2012.11.12"]
[SourceQuality "1"]

1. e4 c5 2. d4 cxd4 3. c3 dxc3 4. Nxc3 d6 5. Nf3 Nf6 6. Bc4 e6 7. 0-0 Nc6 8. Qe2 a6 9. Rd1 Qc7 10. Bf4 Be7 11. Rd2 0-0 12. a3 Rd8 13. Rad1 b6 14. Rd3 h6 15. h3 Bb7 16. Nh2 Ne5 17. Bxe5 dxe5 18. Ba2 Qc6 19. Rxd8+ Rxd8 20. Rxd8+ Bxd8 21. f3 b5 22. Ng4 Nxg4 23. hxg4 Bb6+ 24. Kh2 Qc5 25. Kg3 Qg1 26. Nd1 g5 27. Nf2 Bxf2+ 28. Qxf2 Qh1 0-1

[Event "FICGS class E 000144 email"]
[Site "FICGS email"]
[Date "2011.10.17"]
[Round "1"]
[White "Malween, Denis"]
[Black "Jacobs, Francois"]
[Result "1-0"]
[WhiteElo "1200"]
[BlackElo "1277"]
[PlyCount "31"]
[EventDate "2011.??.??"]
[EventType "tourn (corr)"]
[EventRounds "1"]
[SourceTitle "Corr 2013"]
[Source "ChessBase"]
[SourceDate "2012.11.12"]
[SourceVersion "1"]
[SourceVersionDate "2012.11.12"]
[SourceQuality "1"]

1. e4 c5 2. Nf3 e6 3. d4 cxd4 4. Nxd4 Nf6 5. f3 Be7 6. c4 a6 7. Nc3 Qc7 8. b3 0-0 9. Bb2 d6 10. Rc1 Bd7 11. Be2 Nc6 12. 0-0 Qb6 13. Na4 Qa7 14. Kh1 e5 15. Nf5 Bd8 16. Nxd6 1-0

[Event "FICGS rapid E 000063 email"]
[Site "FICGS email"]
[Date "2011.10.04"]
[Round "1"]
[White "Malween, Denis"]
[Black "Cavaille, Cedric"]
[Result "1-0"]
[WhiteElo "1200"]
[BlackElo "1009"]
[PlyCount "51"]
[EventDate "2011.??.??"]
[EventType "tourn (rapid)"]
[EventRounds "6"]
[SourceTitle "Corr 2013"]
[Source "ChessBase"]
[SourceDate "2012.11.12"]
[SourceVersion "1"]
[SourceVersionDate "2012.11.12"]
[SourceQuality "1"]

1. e4 c5 2. Nf3 d6 3. d4 cxd4 4. Nxd4 Nf6 5. Nc3 e6 6. Bg5 Nc6 7. Be2 Nxd4 8. Qxd4 a6 9. 0-0 Be7 10. f4 0-0 11. Rf3 d5 12. e5 Ng4 13. h3 Bxg5 14. hxg4 Be7 15. Qf2 b5 16. g5 b4 17. Nd1 a5 18. Rh3 Ba6 19. Bxa6 Rxa6 20. Qg3 Rc6 21. c3 bxc3 22. Nxc3 d4 23. Ne4 d3 24. Nf6+ Bxf6 25. gxf6 d2 26. Qxg7# 1-0

[Event "FICGS class E 000143 email"]
[Site "FICGS email"]
[Date "2011.09.28"]
[Round "1"]
[White "Leurette, Marc Antoine"]
[Black "Malween, Denis"]
[Result "0-1"]
[WhiteElo "1267"]
[BlackElo "1200"]
[PlyCount "48"]
[EventDate "2011.??.??"]
[EventType "tourn (corr)"]
[EventRounds "6"]
[SourceTitle "Corr 2013"]
[Source "ChessBase"]
[SourceDate "2012.11.12"]
[SourceVersion "1"]
[SourceVersionDate "2012.11.12"]
[SourceQuality "1"]

1. e4 c5 2. Nc3 e6 3. Nf3 Nc6 4. d4 cxd4 5. Nxd4 Nf6 6. Nxc6 bxc6 7. Bd3 d5 8. exd5 exd5 9. Bg5 Be7 10. Bxf6 Bxf6 11. Qe2+ Be6 12. 0-0 Bxc3 13. bxc3 0-0 14. c4 d4 15. Qe4 g6 16. Qxc6 Rc8 17. Qb5 Qc7 18. Rac1 Bxc4 19. Bxc4 Qxc4 20. Qxc4 Rxc4 21. Rfd1 Rb8 22. c3 dxc3 23. g3 c2 24. Rd2 Rb1 0-1

[Event "FICGS class F 000101 email"]
[Site "FICGS email"]
[Date "2011.09.25"]
[Round "1"]
[White "Malween, Denis"]
[Black "Dsouza, Stanislaus"]
[Result "1-0"]
[WhiteElo "1200"]
[BlackElo "1143"]
[PlyCount "59"]
[EventDate "2011.??.??"]
[EventType "tourn (corr)"]
[EventRounds "6"]
[SourceTitle "Corr 2013"]
[Source "ChessBase"]
[SourceDate "2012.11.12"]
[SourceVersion "1"]
[SourceVersionDate "2012.11.12"]
[SourceQuality "1"]

1. e4 e5 2. Nf3 Nc6 3. d4 exd4 4. Nxd4 Bc5 5. Nb3 Bb6 6. Nc3 d6 7. Nd5 Qh4 8. Qf3 Be6 9. Bd2 Nf6 10. Nxf6+ gxf6 11. g3 Qg4 12. Qxg4 Bxg4 13. h3 Ne5 14. hxg4 Nxg4 15. f3 Ne3 16. Bxe3 Bxe3 17. Bh3 a5 18. Ke2 Bb6 19. Bf5 h6 20. Rh5 c5 21. Rah1 c4 22. Nd2 Ke7 23. Nxc4 Bc7 24. Rxh6 Rxh6 25. Rxh6 b5 26. Ne3 Rg8 27. Nd5+ Kd8 28. g4 b4 29. Rxf6 Rg7 30. Kd3 1-0

[Event "FICGS class F 000101 email"]
[Site "FICGS email"]
[Date "2011.09.25"]
[Round "1"]
[White "Melquiades, Jaime I"]
[Black "Malween, Denis"]
[Result "0-1"]
[WhiteElo "962"]
[BlackElo "1200"]
[PlyCount "70"]
[EventDate "2011.??.??"]
[EventType "tourn (corr)"]
[EventRounds "6"]
[SourceTitle "Corr 2013"]
[Source "ChessBase"]
[SourceDate "2012.11.12"]
[SourceVersion "1"]
[SourceVersionDate "2012.11.12"]
[SourceQuality "1"]

1. e4 e5 2. Nf3 Nc6 3. c3 f5 4. d3 d6 5. Nbd2 Nf6 6. Qb3 Na5 7. Qa4+ Nc6 8. d4 exd4 9. Nxd4 Bd7 10. Qc4 fxe4 11. f3 d5 12. Qb3 Rb8 13. fxe4 dxe4 14. Bc4 Ne5 15. Nf1 Nxc4 16. Qxc4 b6 17. h4 c5 18. Ne3 cxd4 19. cxd4 Bd6 20. Nd5 Rc8 21. Qb3 Nxd5 22. Bg5 Ne7 23. 0-0 Qc7 24. Rac1 Qb7 25. Rxc8+ Bxc8 26. Qf7+ Kd8 27. Qxg7 Re8 28. Rf7 Be6 29. Rf8 Rxf8 30. Qxf8+ Kd7 31. b3 Qd5 32. a4 Qxd4+ 33. Kf1 Qd1+ 34. Kf2 Bc5+ 35. Be3 Qc2+ 0-1

[Event "FICGS class F 000100 email"]
[Site "FICGS email"]
[Date "2011.09.02"]
[Round "1"]
[White "Cavaille, Cedric"]
[Black "Malween, Denis"]
[Result "0-1"]
[WhiteElo "1008"]
[BlackElo "1200"]
[PlyCount "84"]
[EventDate "2011.??.??"]
[EventType "tourn (corr)"]
[EventRounds "6"]
[SourceTitle "Corr 2013"]
[Source "ChessBase"]
[SourceDate "2012.11.12"]
[SourceVersion "1"]
[SourceVersionDate "2012.11.12"]
[SourceQuality "1"]

1. e4 e5 2. Nf3 Nc6 3. Bc4 Bc5 4. d3 Nf6 5. Ng5 0-0 6. Bxf7+ Rxf7 7. Nxf7 Kxf7 8. 0-0 d6 9. Be3 Bb6 10. Bxb6 axb6 11. Nc3 g5 12. Nd5 Nd4 13. Nxf6 Kxf6 14. c3 Ne6 15. Qh5 Qg8 16. d4 Qg6 17. dxe5+ dxe5 18. Qxg6+ Kxg6 19. Rad1 Rxa2 20. b4 Kf6 21. Ra1 Rxa1 22. Rxa1 c5 23. bxc5 bxc5 24. Ra8 Bd7 25. Rh8 Kg7 26. Rb8 Bc6 27. g3 Bxe4 28. h4 gxh4 29. Rxb7+ Bxb7 30. gxh4 Kg6 31. Kh2 Kf5 32. Kg3 e4 33. c4 Nd4 34. Kh3 Kf4 35. h5 e3 36. fxe3+ Kf3 37. exd4 cxd4 38. Kh4 Kf4 39. h6 d3 40. c5 d2 41. c6 d1Q 42. cxb7 Qg4# 0-1

[Event "FICGS class F 000100 email"]
[Site "FICGS email"]
[Date "2011.09.02"]
[Round "1"]
[White "Malween, Denis"]
[Black "Martinez, Silvio"]
[Result "1-0"]
[WhiteElo "1200"]
[BlackElo "983"]
[PlyCount "57"]
[EventDate "2011.??.??"]
[EventType "tourn (corr)"]
[EventRounds "6"]
[SourceTitle "Corr 2013"]
[Source "ChessBase"]
[SourceDate "2012.11.12"]
[SourceVersion "1"]
[SourceVersionDate "2012.11.12"]
[SourceQuality "1"]

1. e4 e5 2. Nf3 Nc6 3. Bb5 Nf6 4. 0-0 Nxe4 5. d3 Nd6 6. Bxc6 dxc6 7. Nxe5 Be7 8. Qh5 Be6 9. f4 g6 10. Qh6 f6 11. Nf3 Nf7 12. Qh4 g5 13. fxg5 fxg5 14. Qd4 Qxd4+ 15. Kh1 0-0-0 16. Nxd4 Rxd4 17. Be3 Rd5 18. Nc3 Rdd8 19. Ne4 h6 20. Rae1 Bxa2 21. b3 c5 22. Ra1 Bxb3 23. cxb3 a6 24. Rad1 Ne5 25. Bxc5 Bxc5 26. Nxc5 b6 27. Nxa6 Nxd3 28. Rf7 c5 29. Rc7# 1-0

[Event "FICGS class F 000100 email"]
[Site "FICGS email"]
[Date "2011.09.02"]
[Round "1"]
[White "Orden, Jorge"]
[Black "Malween, Denis"]
[Result "0-1"]
[WhiteElo "1150"]
[BlackElo "1200"]
[PlyCount "90"]
[EventDate "2011.??.??"]
[EventType "tourn (corr)"]
[EventRounds "6"]
[SourceTitle "Corr 2013"]
[Source "ChessBase"]
[SourceDate "2012.11.12"]
[SourceVersion "1"]
[SourceVersionDate "2012.11.12"]
[SourceQuality "1"]

1. e4 c5 2. Nf3 d6 3. d4 cxd4 4. Nxd4 Nf6 5. Nc3 a6 6. Be2 e5 7. Nf3 Be7 8. 0-0 Nc6 9. Be3 0-0 10. h3 h6 11. a3 Be6 12. b4 Rc8 13. Nd5 Bxd5 14. exd5 Nb8 15. c4 Nbd7 16. a4 Nh7 17. b5 a5 18. Rc1 f5 19. Qd2 f4 20. Ba7 b6 21. Nh2 Qc7 22. Bxb6 Nxb6 23. Rc2 Nd7 24. Qd3 Nc5 25. Bg4 Ra8 26. Be6+ Nxe6 27. dxe6 Qc8 28. Qd5 Nf6 29. Qd2 Qxe6 30. Re1 Qc8 31. Qe2 Qc5 32. Ng4 Nxg4 33. Qxg4 Rf7 34. Rd1 Raf8 35. Rb1 Bd8 36. Rd1 Bb6 37. Qe6 Rd8 38. Rd5 Qb4 39. Kh2 Kf8 40. Rcd2 Qxc4 41. Qg6 Bxf2 42. b6 Qf1 43. Rxf2 Qxf2 44. Rxd6 Rb8 45. Rc6 Qg3+ 0-1

[Event "FICGS class E 000141 email"]
[Site "FICGS email"]
[Date "2011.08.29"]
[Round "1"]
[White "Malween, Denis"]
[Black "Gonet, Gerard"]
[Result "0-1"]
[WhiteElo "1200"]
[BlackElo "1237"]
[PlyCount "80"]
[EventDate "2011.??.??"]
[EventType "tourn (corr)"]
[EventRounds "6"]
[SourceTitle "Corr 2013"]
[Source "ChessBase"]
[SourceDate "2012.11.12"]
[SourceVersion "1"]
[SourceVersionDate "2012.11.12"]
[SourceQuality "1"]

1. e4 Nc6 2. d4 d5 3. e5 f6 4. f4 Nh6 5. Nf3 Bf5 6. Bd3 e6 7. 0-0 Be7 8. h3 Nb4 9. Bxf5 Nxf5 10. g4 Nh6 11. a3 Nc6 12. Be3 f5 13. Nbd2 fxg4 14. hxg4 Nxg4 15. Qe2 Bh4 16. c3 0-0 17. Ng5 Nxe3 18. Qxe3 Bxg5 19. fxg5 Ne7 20. Kh2 Nf5 21. Qh3 Qxg5 22. Nf3 Qh6 23. Rf2 Qxh3+ 24. Kxh3 h6 25. Raf1 g5 26. Nh2 Ne3 27. Rxf8+ Rxf8 28. Rxf8+ Kxf8 29. b3 h5 30. Kg3 Nc2 31. a4 Ne1 32. Kf2 Nd3+ 33. Ke3 Nc1 34. b4 Kg7 35. Nf3 Kg6 36. Nd2 Kf5 37. c4 c6 38. cxd5 cxd5 39. Nf3 Na2 40. b5 Nc3 0-1

[Event "FICGS class E 000141 email"]
[Site "FICGS email"]
[Date "2011.08.29"]
[Round "1"]
[White "Pereira, Antonio"]
[Black "Malween, Denis"]
[Result "1-0"]
[WhiteElo "1379"]
[BlackElo "1200"]
[PlyCount "55"]
[EventDate "2011.??.??"]
[EventType "tourn (corr)"]
[EventRounds "6"]
[SourceTitle "Corr 2013"]
[Source "ChessBase"]
[SourceDate "2012.11.12"]
[SourceVersion "1"]
[SourceVersionDate "2012.11.12"]
[SourceQuality "1"]

1. e4 e5 2. Nc3 Nc6 3. Nf3 Nf6 4. Bc4 Bc5 5. 0-0 d6 6. Na4 Bb6 7. d3 Bg4 8. h3 Bh5 9. g4 Bg6 10. a3 0-0 11. Bg5 h6 12. Bh4 Bh7 13. g5 hxg5 14. Nxb6 axb6 15. Bxg5 Bg6 16. Nh4 Ne7 17. Bxf6 gxf6 18. Qg4 Qc8 19. Nf5 Nxf5 20. Qxg6+ Kh8 21. Qh5+ Kg7 22. exf5 Qd7 23. Qg4+ Kh7 24. Kh2 Rg8 25. Qh5+ Kg7 26. Rg1+ Kf8 27. Rxg8+ Kxg8 28. Qh6 1-0

[Event "FICGS class F 000099 email"]
[Site "FICGS email"]
[Date "2011.08.12"]
[Round "1"]
[White "Dotti Contra, Alessandro"]
[Black "Malween, Denis"]
[Result "0-1"]
[WhiteElo "1099"]
[BlackElo "1200"]
[PlyCount "78"]
[EventDate "2011.??.??"]
[EventType "tourn (corr)"]
[EventRounds "5"]
[SourceTitle "Corr 2013"]
[Source "ChessBase"]
[SourceDate "2012.11.12"]
[SourceVersion "1"]
[SourceVersionDate "2012.11.12"]
[SourceQuality "1"]

1. e4 e5 2. Nf3 Nc6 3. Bb5 a6 4. Ba4 Nf6 5. Nc3 Bc5 6. 0-0 0-0 7. d3 b5 8. Bb3 h6 9. Bd5 Bb7 10. Nxe5 Nxe5 11. Bxb7 Rb8 12. Bxa6 c6 13. Bf4 Bd6 14. a3 Qb6 15. d4 Nc4 16. e5 Nd5 17. Bxb5 cxb5 18. exd6 Nxf4 19. Ne4 Nxd6 20. Nxd6 Qxd6 21. Qd2 Rfe8 22. Rfe1 Re6 23. Rxe6 Nxe6 24. c3 Qf4 25. Qxf4 Nxf4 26. Kf1 Re8 27. g3 Nd3 28. Rb1 f5 29. f4 g5 30. fxg5 hxg5 31. Kg2 Re2+ 32. Kf3 Rxh2 33. g4 f4 34. b4 Nb2 35. Re1 Kf7 36. Re5 Kf6 37. Rxb5 Nc4 38. Rf5+ Kg6 39. a4 Nd2# 0-1

[Event "FICGS rapid E 000059 email"]
[Site "FICGS email"]
[Date "2011.08.12"]
[Round "1"]
[White "Leurette, Marc Antoine"]
[Black "Malween, Denis"]
[Result "0-1"]
[WhiteElo "1256"]
[BlackElo "1200"]
[PlyCount "76"]
[EventDate "2011.??.??"]
[EventType "tourn (rapid)"]
[EventRounds "6"]
[SourceTitle "Corr 2013"]
[Source "ChessBase"]
[SourceDate "2012.11.12"]
[SourceVersion "1"]
[SourceVersionDate "2012.11.12"]
[SourceQuality "1"]

1. e4 e5 2. Nf3 Nc6 3. Bc4 Bc5 4. Nc3 Nf6 5. d3 d6 6. Bg5 h6 7. Bxf6 Qxf6 8. Qe2 Bb4 9. 0-0 Bg4 10. a3 Bxc3 11. bxc3 Bxf3 12. Qxf3 Qxf3 13. gxf3 f5 14. Rab1 b6 15. Bb5 Kd7 16. d4 a6 17. Bxc6+ Kxc6 18. d5+ Kc5 19. Rfd1 b5 20. Kf1 Rhf8 21. Ke2 Rf7 22. h4 Raf8 23. Rf1 fxe4 24. fxe4 Rf4 25. h5 Rxe4+ 26. Kd3 Rh4 27. Rh1 Rxh1 28. Rxh1 Rxf2 29. Rg1 Rf7 30. Rg6 Kxd5 31. Rg4 Re7 32. c4+ bxc4+ 33. Rxc4 e4+ 34. Kc3 e3 35. Rd4+ Kc5 36. Kd3 e2 37. Re4 Rxe4 38. Kxe4 e1Q+ 0-1

[Event "FICGS rapid E 000059 email"]
[Site "FICGS email"]
[Date "2011.08.12"]
[Round "1"]
[White "Orden, Jorge"]
[Black "Malween, Denis"]
[Result "0-1"]
[WhiteElo "1150"]
[BlackElo "1200"]
[PlyCount "62"]
[EventDate "2011.??.??"]
[EventType "tourn (rapid)"]
[EventRounds "6"]
[SourceTitle "Corr 2013"]
[Source "ChessBase"]
[SourceDate "2012.11.12"]
[SourceVersion "1"]
[SourceVersionDate "2012.11.12"]
[SourceQuality "1"]

1. e4 e5 2. Nf3 Nc6 3. c3 Nf6 4. Qc2 Bc5 5. h3 d5 6. b4 Bxf2+ 7. Kxf2 Nxe4+ 8. Kg1 Ng3 9. Rh2 e4 10. Nd4 Ne5 11. d3 Qf6 12. Qf2 Qxf2+ 13. Kxf2 Nxf1 14. Kxf1 Nxd3 15. Bd2 f5 16. a4 b6 17. Na3 0-0 18. Nab5 c5 19. Nc6 Bd7 20. Ncxa7 f4 21. a5 Bxb5 22. Nxb5 e3 23. Be1 Rae8 24. Nc7 Re5 25. axb6 Rb8 26. bxc5 Nxc5 27. Ra8 Rxa8 28. Nxa8 e2+ 29. Kf2 Nd3+ 30. Kf3 h5 31. Rh1 Re3# 0-1